000 00443nam a2200169 4500
001 126601
003 ES-MaACL
005 20230906192840.0
007 t|
008 070214s1911 sp r ||||1| spa d
100 1 _aReval, Gabrielle.
_996385
245 1 3 _aLa bacheliere en Pologne
_b: roman /
_cGabrielle Reval.
250 _a8ยช. ed.
260 _aParis :
_bL. Pochy,
_c1911.
300 _a276 p. ;
_c19 cm.
852 _aES-MaACL
_jD-2903
999 _c126601
_d126601